| 000 | 00472pab a2200181 454500 | ||
|---|---|---|---|
| 008 | 180718b2017 xxu||||| |||| 00| 0 eng d | ||
| 100 | _aWillumsen, David M. | ||
| 245 | _aSet free? impending retirement and legislative behaviour in the UK | ||
| 260 | _c2017 | ||
| 300 | _ap.254-279. | ||
| 362 | _aApr | ||
| 650 | _aLegislatures | ||
| 650 | _aRetirement | ||
| 650 | _aParliament | ||
| 700 | _aGoetz, Klaus H. | ||
| 773 | _aParliamentary Affairs | ||
| 909 | _a115009 | ||
| 999 |
_c115003 _d115003 |
||